000 00550cam a2200181 4500
001 ##L134153
008 #DATE n1973 000 0 eng u
035 _a(Sirsi) u134153
041 0 _aeng
050 0 4 _a333.0062 $2 18
110 2 _aRoyal Institution of Chartered Surveyors
_94900
245 0 4 _aThe rules of conduct, disciplinary powers and procedures
_bJuly 1973
260 _aLondon
_bRICS
_c1973
300 _a39p.
_c21cm.
490 0 _aRICS Rules of Conduct
690 _aMANAGEMENT-BUSINESS MANAGEMENT-PROFESSIONAL PRACTICE
942 _n0
999 _c105568
_d105568